Energetické parametre pôd Slovenska

Energetický potenciál pôd Slovenska. Hodnotenie energetického potenciálu pôd i podsústavy rastlinnej výroby. Hodnotenie živých organizačných zložiek pôdy. Podklady pre hodnotenie vychádzali z produkcie rastlinných spoločenstiev prepočítanej na energetické jednotky ako aj množstva energetických vstup...

Descrizione completa

Salvato in:
Dettagli Bibliografici
Autore principale: Vilček, Jozef
Natura: Capitolo di libro
Lingua:slovacco
Soggetti:
Tags: Aggiungi Tag
Nessun Tag, puoi essere il primo ad aggiungerne!!

MARC

LEADER 00000naa a2200000 4500
001 r039182
005 20230922112039.3
041 0 |a slo 
044 |a CZ 
245 1 0 |a Energetické parametre pôd Slovenska  |c J. Vilček 
520 |a Energetický potenciál pôd Slovenska. Hodnotenie energetického potenciálu pôd i podsústavy rastlinnej výroby. Hodnotenie živých organizačných zložiek pôdy. Podklady pre hodnotenie vychádzali z produkcie rastlinných spoločenstiev prepočítanej na energetické jednotky ako aj množstva energetických vstupov do výrobného procesu. 
610 2 0 |a pôda 
610 2 0 |a bioenergetika 
610 2 0 |a Slovensko 
610 2 0 |a energia 
610 2 0 |a produkcia 
610 2 0 |a bilancia energetická 
100 1 |a Vilček, Jozef